Länder mit präsidentiellem Regierungssystem - Statistiken

Allgemein
  • Dieses Quiz wurde 3 mal gespielt
  • Das Durchschnittsergebnis liegt bei 33 aus 60
Antwortstatistiken
Land % Korrekt
Vereinigte Staaten
100%
Afghanistan
67%
Argentinien
67%
Aserbaidschan
67%
Belarus
67%
Bolivien
67%
Brasilien
67%
Chile
67%
Costa Rica
67%
Dominikanische Republik
67%
Elfenbeinküste
67%
El Salvador
67%
Gabun
67%
Ghana
67%
Guinea
67%
Honduras
67%
Indonesien
67%
Iran
67%
Kamerun
67%
Kolumbien
67%
Liberia
67%
Mauretanien
67%
Nigeria
67%
Panama
67%
Paraguay
67%
Philippinen
67%
Republik Kongo
67%
Ruanda
67%
Sambia
67%
Sri Lanka
67%
Sudan
67%
Südsudan
67%
Tansania
67%
Türkei
67%
Uganda
67%
Uruguay
67%
Venezuela
67%
Zypern
67%
Angola
33%
Benin
33%
Burundi
33%
Dschibuti
33%
Ecuador
33%
Gambia
33%
Guatemala
33%
Komoren
33%
Malawi
33%
Malediven
33%
Marshallinseln
33%
Mexiko
33%
Mosambik
33%
Nicaragua
33%
Palau
33%
Seychellen
33%
Sierra Leone
33%
Südkorea
33%
Togo
33%
Tschad
33%
Usbekistan
33%
Zentralafrikanische Republik
33%
Keine übereinstimmenden Quizze gefunden
Verteilung der Resultate
Anzahl Personen mit jedem Resultat
Perzentil nach korrekt beantworteten Fragen
Ihre Resultats-Entwicklung
Sie haben dieses Quiz noch nicht gespielt